Which Anime are they From? Quiz Stats

 Plays Quiz not verified by Sporcle

Score 0/200 Timer 20:00
6 Plays Today
% Correct
Dragon Ball Z
92.8%
One Punch Man
92.3%
Sword Art Online
90.8%
Sailor Moon
90.5%
Fairy Tail
90.2%
Fullmetal Alchemist: Brotherhood
88.3%
Bleach
87.6%
One Piece
87.3%
Tokyo Ghoul
86.7%
InuYasha
85.1%
Soul Eater
83.5%
Hunter x Hunter
82.6%
Black Butler
82.3%
Kill la Kill
81.6%
Toradora!
81.5%
Detective Conan
81.3%
Neon Genesis Evangelion
80.7%
K-On!
80.6%
Lucky Star
80.4%
No Game No Life
80.3%
Cowboy Bebop
79.3%
Parasyte: The Maxim
78%
Naruto Shippuden
77.2%
Angel Beats!
76.9%
Steins;Gate
76%
Death Note
75%
Trigun
74.8%
Code Geass
74.3%
Hellsing
74.1%
Haikyu!!
73.1%
Durarara!!
72.9%
Clannad
72.4%
Deadman Wonderland
72.2%
Spice and Wolf
69.6%
The Future Diary
69.5%
Blue Exorcist
68.6%
Another
68.1%
Ouran High School Host Club
68.1%
AnoHana: The Flower We Saw That Day
67.8%
Kuroko no Basket
66.8%
Gintama
65.9%
Attack on Titan
65.7%
Akame ga Kill!
64.8%
High School DxD
64%
Seraph of the End
64%
Samurai Champloo
63.6%
Nisekoi
63%
Your Lie in April
62.3%
Noragami
61.7%
Free!
61.6%
Magi: The Labyrinth of Magic
61.5%
The Melancholy of Haruhi Suzumiya
59.6%
Highschool of the Dead
58.7%
Tengen Toppa Gurren Lagann
58.4%
Mushishi
57.9%
Full Metal Panic!
57.7%
Nichijou
57.5%
Lupin III
57.3%
Black Lagoon
56.6%
JoJo's Bizarre Adventure
56.6%
Death Parade
55.7%
Fruits Basket
55.4%
Vampire Knight
55.1%
Prince of Tennis
55%
Beyond the Boundary
54.5%
Fate Series
53.9%
Mahou Shoujo Madoka Magica
53.4%
% Correct
Hetalia: Axis Powers
53.2%
Berserk
52.6%
Space Dandy
52%
Slam Dunk
51.4%
My Little Sister Can't Be This Cute?
50.9%
D.Gray-man
50.3%
Yona of the Dawn
50.1%
Maid-Sama!
50%
The Devil is a Part-Timer!
49.6%
Yu Yu Hakusho
49.1%
Rurouni Kenshin
48.6%
Great Teacher Onizuka
48.5%
Monogatari Series
48.4%
Food Wars!
47.9%
Ghost in the Shell: Stand Alone Complex
47.6%
The Irregular at Magic High School
47.2%
Blood Lad
45.2%
Chobits
45.1%
Ergo Proxy
45%
Claymore
44.4%
Golden Time
44.3%
Plastic Memories
43%
The Pet Girl of Sakurasou
42.9%
Squid Girl
42.9%
Gosick
42.8%
The Familiar of Zero
42.4%
My Love Story!!
42.1%
Elfen Lied
42%
Everyday Life With Monster Girls
41.2%
Serial Experiments Lain
40.8%
Monster
40.8%
Rosario and Vampire
39.8%
Hyouka
39%
Fighting Spirit
38.8%
Is It Wrong to Try to Pick Up Girls in a Dungeon?
38.8%
Black Bullet
38.7%
Log Horizon
38.2%
Nana
38%
Monthly Girls' Nozaki-kun
37.7%
Natsume's Book of Friends
37.4%
Charlotte
37.3%
Gangsta.
37.1%
Black Rock Shooter
36.7%
Ping Pong the Animation
36.6%
Mr. Osomatsu
35.8%
xxxHOLiC
35.8%
Bunny Drop
35.4%
Saint Seiya
35.3%
My Little Monster
35%
FLCL
34.8%
Diabolik Lovers
34.7%
The World God Only Knows
33.9%
Eureka Seven
33.8%
Amagi Brilliant Park
33.4%
Katanagatari
32.1%
Darker Than Black
32%
Bakuman.
32%
Psycho-Pass
31.7%
Love Live! School Idol Project
31.7%
School Days
31.5%
SKET Dance
31.4%
Ace of the Diamond
31.3%
Hibike! Euphonium
31.2%
Is This A Zombie?
31%
Infinite Stratos
30%
I Don't Have Many Friends
30%
Guilty Crown
30%
% Correct
School Rumble
29.8%
The Town Where Only I am Missing
29.7%
A Certain Magical Index
29.6%
Kokoro Connect
29.3%
Higurashi When They Cry
29.2%
Shirobako
27.8%
Accel World
27.7%
Date A Live
27.6%
Welcome to the NHK!
27.6%
Terror in Resonance
26.9%
Yuru Yuri
26.1%
Kaiji: Ultimate Survivor
25.9%
Azumanga Daioh
25.9%
My Teen Romantic Comedy SNAFU
25.6%
Working!!
25.5%
Skip Beat!
25.2%
Non Non Biyori
24.1%
Kantai Collection
24.1%
A Lull in the Sea
22.7%
Shakugan no Shana
22.6%
Chaika: The Coffin Princess
21.7%
The Rose of Versailles
21.6%
From the New World
21.5%
Baccano!
21.3%
Trinity Seven
21.2%
Rozen Maiden
21.1%
Kino's Journey
20.8%
Aldnoah.Zero
20.8%
The Tatami Galaxy
20.5%
Space Brothers
20.5%
Love Hina
20%
School-Live!
19%
Aria The Animation
18.3%
Engaged to the Unidentified
18.2%
Pandora Hearts
17.7%
Katekyo Hitman Reborn!
17.4%
Mobile Suit Gundam Seed
17%
Strike the Blood
16.9%
Initial D
16.8%
Strike Witches
16.2%
Macross
16.1%
Chihayafuru
15.9%
Gunslinger Girl
15.5%
Mawaru Penguindrum
14.6%
Kids on the Slope
14.5%
Rage of Bahamut: Genesis
14.3%
ef: A Tale of Memories
14.1%
Kingdom
13.7%
Punch Line
12.5%
Magical Girl Lyrical Nanoha
11.9%
Brynhildr in the Darkness
11.8%
Kill Me Baby
11.8%
Little Busters!
11.5%
Cross Game
10.7%
Sekirei
10.2%
Girls und Panzer
10%
Jormungand
9.5%
The iDOLM@STER
8.2%
You and Me.
7.8%
Amagami SS
7.5%
Space Battleship Yamato
7.4%
Rainbow
7.1%
Heavy Object
6.8%
Yozakura Quartet: Hana no Uta
3.5%
Planetes
3.4%
Shangri-La
3.2%

You're not logged in!

Compare scores with friends on all Sporcle quizzes.
OR
Log In

Show Comments

Extras

Top Quizzes Today


Score Distribution

Your Account Isn't Verified!

In order to create a playlist on Sporcle, you need to verify the email address you used during registration. Go to your Sporcle Settings to finish the process.

Report this User

Report this user for behavior that violates our Community Guidelines.

Details: